Vista normal Vista MARC

Entrada Personal Name

Número de registros utilizados en: 1

001 - CONTROL NUMBER

  • control field: 49890

003 - CONTROL NUMBER IDENTIFIER

  • control field: OSt

005 - DATE AND TIME OF LATEST TRANSACTION

  • control field: 20241126091732.0

008 - FIXED-LENGTH DATA ELEMENTS

  • fixed length control field: 241126|| aca||aabn | a|a d

040 ## - CATALOGING SOURCE

  • Original cataloging agency: OSt
  • Transcribing agency: OSt

100 ## - HEADING--PERSONAL NAME

  • Personal name: Lyndon Carvajal Rojas

670 ## - SOURCE DATA FOUND

  • Source citation: Work cat.: (OSt)44567: Lyndon Carvajal Rojas, Conocimiento e Investigación en Comino Crespo (Aniba Perutilis Hemsl), Cacay (Caryodendron Orinocense Karst. Karst.) y Bosques del Pie de Monte Llanero en el Departamento del Meta









Instituto Departamental de Cultura del Meta - Red Departamental de Bibliotecas Públicas del Meta.